Brisbane Lions 2002 Premiership Team Quiz Stats

 Plays Quiz not verified by Sporcle

Challenge
Share
Tweet
Embed
Score 0/22 Timer 07:00
0 Plays Today
Number Player % Correct
20Simon Black
97.7%
3Michael Voss
95.3%
5Brad Scott
93%
16Jonathan Brown
93%
22Chris Scott
93%
2Chris Johnson
88.4%
12Jason Akermanis
88.4%
23Justin Leppitsch
88.4%
27Clark Keating
88.4%
33Darryl White
88.4%
44Nigel Lappin
88.4%
Number Player % Correct
11Alastair Lynch
86%
15Mal Michael
86%
32Shaun Hart
86%
6Luke Power
81.4%
8Tim Notting
81.4%
43Beau McDonald
81.4%
4Craig McRae
76.7%
13Martin Pike
76.7%
10Marcus Ashcroft
74.4%
1Des Headland
62.8%
34Aaron Shattock
55.8%

You're not logged in!

Compare scores with friends on all Sporcle quizzes.
OR
Log In

You Might Also Like...

Show Comments

Extras

Top Quizzes Today


Score Distribution

Your Account Isn't Verified!

In order to create a playlist on Sporcle, you need to verify the email address you used during registration. Go to your Sporcle Settings to finish the process.

Report this User

Report this user for behavior that violates our Community Guidelines.

Details: